<?xml version="1.0" encoding="UTF-8"?>
<collection xmlns="http://www.loc.gov/MARC21/slim">
 <record>
  <leader>01706nam a2200361   4500</leader>
  <controlfield tag="001">000020035</controlfield>
  <controlfield tag="003">16476</controlfield>
  <controlfield tag="005">20150310140318.0</controlfield>
  <controlfield tag="008">141227s2014                        viesd</controlfield>
  <datafield tag="041" ind1=" " ind2=" ">
   <subfield code="a">vie</subfield>
  </datafield>
  <datafield tag="082" ind1="1" ind2="4">
   <subfield code="a">895.92233</subfield>
   <subfield code="b">BU-H</subfield>
  </datafield>
  <datafield tag="100" ind1="1" ind2=" ">
   <subfield code="a">Bùi Bạch Huệ</subfield>
  </datafield>
  <datafield tag="245" ind1="1" ind2=" ">
   <subfield code="a">Thế giới nghệ thuật “Truyện đường rừng” của Lý Văn Sâm</subfield>
   <subfield code="c">Bùi Bạch Huệ ; Nguyễn Phong Nam hướng dẫn.</subfield>
   <subfield code="k">Luận văn Thạc sĩ</subfield>
  </datafield>
  <datafield tag="260" ind1=" " ind2=" ">
   <subfield code="a">Đà Nẵng</subfield>
   <subfield code="b">Đại học Đà Nẵng</subfield>
   <subfield code="c">2014</subfield>
  </datafield>
  <datafield tag="300" ind1=" " ind2=" ">
   <subfield code="a">118 tr., phụ lục 3 tr.</subfield>
   <subfield code="c">29 cm.</subfield>
   <subfield code="e">Tóm tắt</subfield>
  </datafield>
  <datafield tag="500" ind1=" " ind2=" ">
   <subfield code="a">Luận văn thạc sĩ Khoa học. Chuyên ngành: Văn học Việt Nam. Mã số: 60.22.34</subfield>
  </datafield>
  <datafield tag="520" ind1=" " ind2=" ">
   <subfield code="a">Lý Văn Sâm – Cuộc đời và sự nghiệp văn học. Cuộc sống và con người Phương Nam trong “truyện đường rừng” của Lý Văn Sâm. Đặc điểm nghệ thuật “truyện đường rừng” của Lý Văn Sâm</subfield>
  </datafield>
  <datafield tag="600" ind1="1" ind2="4">
   <subfield code="a">Lý Văn Sâm</subfield>
   <subfield code="d">1921-2000</subfield>
  </datafield>
  <datafield tag="650" ind1="0" ind2="4">
   <subfield code="a">Truyện ngắn Việt Nam</subfield>
   <subfield code="v">Luận văn tốt nghiệp</subfield>
   <subfield code="x">Nghiên cứu</subfield>
  </datafield>
  <datafield tag="653" ind1=" " ind2=" ">
   <subfield code="a">Truyện ngắn Việt Nam</subfield>
  </datafield>
  <datafield tag="653" ind1=" " ind2=" ">
   <subfield code="a">Văn học Việt Nam</subfield>
  </datafield>
  <datafield tag="653" ind1=" " ind2=" ">
   <subfield code="a">Lý Văn Sâm</subfield>
  </datafield>
  <datafield tag="700" ind1="1" ind2=" ">
   <subfield code="a">Nguyễn Phong Nam</subfield>
   <subfield code="c">PGS.TS</subfield>
   <subfield code="e">Hướng dẫn</subfield>
  </datafield>
  <datafield tag="OWN" ind1=" " ind2=" ">
   <subfield code="a">LSP</subfield>
  </datafield>
  <datafield tag="AVA" ind1=" " ind2=" ">
   <subfield code="a">UDN50</subfield>
   <subfield code="b">LSP</subfield>
   <subfield code="d">895.92233 BU-H</subfield>
   <subfield code="e">available</subfield>
   <subfield code="t">Error 5001 Not defined in file expand_doc_bib_avail.</subfield>
   <subfield code="f">1</subfield>
   <subfield code="g">0</subfield>
   <subfield code="h">N</subfield>
   <subfield code="i">0</subfield>
   <subfield code="k">1</subfield>
  </datafield>
  <datafield tag="999" ind1=" " ind2=" ">
   <subfield code="a">From the UDN01</subfield>
  </datafield>
  <datafield tag="AVA" ind1=" " ind2=" ">
   <subfield code="a">UDN50</subfield>
   <subfield code="b">LSP</subfield>
   <subfield code="d">895.92233 BU-H</subfield>
   <subfield code="e">available</subfield>
   <subfield code="t">Error 5001 Not defined in file expand_doc_bib_avail.</subfield>
   <subfield code="f">1</subfield>
   <subfield code="g">0</subfield>
   <subfield code="h">N</subfield>
   <subfield code="i">0</subfield>
   <subfield code="k">1</subfield>
  </datafield>
  <datafield tag="TYP" ind1=" " ind2=" ">
   <subfield code="a">Monograph</subfield>
  </datafield>
  <datafield tag="TYP" ind1=" " ind2=" ">
   <subfield code="a">Printed language</subfield>
  </datafield>
  <datafield tag="980" ind1=" " ind2=" ">
   <subfield code="a">Mạng thư viện Đại học Đà Nẵng</subfield>
  </datafield>
 </record>
</collection>
